| 000 | 00383nam a22001457a 4500 | ||
|---|---|---|---|
| 005 | 20241008140901.0 | ||
| 008 | 190125b ||||| |||| 00| 0 eng d | ||
| 040 | _cDLC | ||
| 082 |
_a070.442 _bTAR |
||
| 100 |
_aTarar, Mustansir Hussain _93908 |
||
| 245 | _aGhaday Hamare Bhai Hain / | ||
| 260 |
_aLahore : _bSange-e-Meel Publishers, _c2010. |
||
| 300 | _a160p. : | ||
| 942 |
_2ddc _cBK |
||
| 999 |
_c523376 _d523376 |
||